El recurso extraordinario de casacion laboral y la constitucion de 1991 / (Registro nro. 49691)

Detalles MARC
000 -LEADER
fixed length control field 01227nam a2200289 4500
001 - CONTROL NUMBER
control field 0000013783
003 - CONTROL NUMBER IDENTIFIER
control field CO-CtgCURN
005 - DATE AND TIME OF LATEST TRANSACTION
control field 20250826223709.0
008 - FIXED-LENGTH DATA ELEMENTS--GENERAL INFORMATION
fixed length control field 160627s1993 000 0 eng d
020 ## - INTERNATIONAL STANDARD BOOK NUMBER
International Standard Book Number 9589288162
040 ## - CATALOGING SOURCE
Original cataloging agency CO-CtgCURN
Language of cataloging spa
Transcribing agency coctgcurn
082 0# - DEWEY DECIMAL CLASSIFICATION NUMBER
Classification number 344.01
Item number L14r
100 1# - MAIN ENTRY--PERSONAL NAME
Personal name Lagos Pantoja, Luis Arturo.
245 10 - TITLE STATEMENT
Title El recurso extraordinario de casacion laboral y la constitucion de 1991 /
Statement of responsibility, etc. Luis Lagos Pantoja.
260 ## - PUBLICATION, DISTRIBUTION, ETC.
Place of publication, distribution, etc. Bogotá :
Name of publisher, distributor, etc. Ediciones Doctrina y Ley,
Date of publication, distribution, etc. 1993.
300 ## - PHYSICAL DESCRIPTION
Extent 309 p.
336 ## - CONTENT TYPE
Source rdacontent
337 ## - MEDIA TYPE
Source rdamedia
Media type term sin mediacion
Media type code n
338 ## - CARRIER TYPE
Source rdacarrier
Carrier type term volumen
Carrier type code nc
504 ## - BIBLIOGRAPHY, ETC. NOTE
Bibliography, etc. note Bibliografia (p. 308-309)
505 8# - FORMATTED CONTENTS NOTE
Formatted contents note Recurso extraordinario de casacion laboral generalidades.--Causales y motivos de casacion laboral.--Requisitos del recurso extraordinario de casacion laboral.--La constitucion nacional de 1991 y el recurso de casacion laboral.--tramite y desicion del recurso extraordinario de casacion
650 #0 - SUBJECT ADDED ENTRY--TOPICAL TERM
Topical term or geographic name entry element Recurso de casacion.
908 ## - PUT COMMAND PARAMETER (RLIN)
Put command parameter 160627
942 ## - ADDED ENTRY ELEMENTS (KOHA)
Koha item type Libros
Classification part 344.01
Item part L14r
Source of classification or shelving scheme Dewey Decimal Classification
999 ## - SYSTEM CONTROL NUMBERS (KOHA)
-- 2
Existencias
Withdrawn status Lost status Source of classification or shelving scheme Damaged status Not for loan Home library Current library Shelving location Date acquired Total checkouts Full call number Barcode Date last seen Copy number Price effective from Koha item type
    Dewey Decimal Classification     Miguel Henríquez Castañeda Miguel Henríquez Castañeda General 03/04/2019   344.01 L14r 004555 03/04/2019 ej.1 03/04/2019 Libros
    Dewey Decimal Classification     Miguel Henríquez Castañeda Miguel Henríquez Castañeda General 03/04/2019   344.01 L14r 004556 03/04/2019 ej.2 03/04/2019 Libros